П'ять секунд, п'ять днів (Запис № 17530)

000 -Маркер запису
Контрольне поле сталої довжини 02289nam a22002657a 4500
003 - Належність контрольного номера
Контрольне поле Uzh_bibl
008 - Кодовані дані
Контрольне поле сталої довжини 260427b |||||||| |||| 00| 0 ukr d
020 ## - Індекс ISBN
ISBN 978-966-8659-90-4
Ціна 69.83
040 ## - Джерело каталогіз.
Код мови каталог. укр.
041 ## - Код мови видання
Код мови оригіналу українська
Код мови тексту українська
080 ## - Індекс УДК
Індекс УДК 821.161.2
090 ## - Шифри
Поличний індекс 821.161.2
Авторський знак П 52
100 ## - Автор
Автор Положій, Євген
245 ## - Назва
Назва П'ять секунд, п'ять днів
Фізичний носій Текст
260 ## - Вихідні дані
Місце видання Київ
Видавництво Нора-Друк
Дата видання 2016
300 ## - Фізичний опис
Обсяг 176 с.
Тип одиниці В опр.
490 ## - Серія
Назва серії серія "Читацький клуб"
520 ## - Анотація
Анотація П’ять секунд, п’ять днів, п’ять років, вічність — такий часовий алгоритм нового роману Євгена Положія. Головний герой, який все життя — у Вільних профспілках, на обох Майданах — бореться за справедливість, зрештою, коли починається війна, йде на фронт і там потрапляє в «Іловайський котел». Тяжко поранений, у складі групи з тринадцяти бійців, намагається вижити в безнадійній ситуації. Після піврічного лікування, восьми операцій, емоційно виснажений, він приймає рішення, що вже зробив свою справу і прийшов час відпочити. Але коли старий товариш — народний герой, той, хто разом з ним пліч-о-пліч боровся за правду, тепер силою і страхом створює в рідному місті свою бізнес-імперію, стає очевидним: якщо не борешся зі злом, опиняєшся на темному боці. Тож боротьба триває...<br/>
521 ## - Примітка про цільове призначення
Примітка про цільове призначення Для широкого кола читачів
546 ## - Примітка про мову
Примітка про мову укр.
650 ## - Тематичні рубрики
Основна рубрика Літературно-художнє видання
653 ## - Ключові слова
Ключові слова Герой
-- Іловайський котел
-- Війна
655 ## - Термін індексування — жанр/форма
Жанр/форма Художня література
Типове ділення Роман
942 ## - ADDED ENTRY ELEMENTS (KOHA)
Джерело класифікації чи схема поличного розташування
Koha item type Книги
Фонди
Статус вилучення Статус втрати/відсутності Джерело класифікації чи схема поличного розташування Статус пошкодження Тип обігу (не для випозичання) Постійне розташування Поточне розташування Розташування у відділі Дата надходження Інвентарний номер Total Checkouts Повний (примірниковий) шифр зберігання Штрих-код Date last seen Дата, для якої чинна ціна заміни Тип одиниці (рівень примірника)
          Бібліотека-філія №3 Бібліотека-філія №3 Абонемент старший відділ 27/04/2026 69961   821.161.2 4167 27/04/2026 27/04/2026 Книги

Працює на АБІС Коха